|
|
|
|
| LEADER |
00000naa0a2200000 4500 |
| 001 |
664938 |
| 005 |
20250815103747.0 |
| 035 |
|
|
|a (RuTPU)RU\TPU\network\36123
|
| 090 |
|
|
|a 664938
|
| 100 |
|
|
|a 20210601d2021 k y0rusy50 ca
|
| 101 |
0 |
|
|a rus
|
| 102 |
|
|
|a RU
|
| 135 |
|
|
|a drcn ---uucaa
|
| 181 |
|
0 |
|a i
|
| 182 |
|
0 |
|a b
|
| 200 |
1 |
|
|a Сравнение физико-химических свойств прямогонных дизельных топлив
|f А. О. Ефанова, М. В. Киргина
|
| 203 |
|
|
|a Текст
|c электронный
|
| 300 |
|
|
|a Заглавие с экрана
|
| 463 |
|
|
|t ХХIV Всероссийская конференция молодых учёных-химиков (с международным участием)
|o тезисы докладов, 20-22 апреля 2021, Нижний Новгород
|f Нижегородский государственный университет им. Н. И. Лобачевского (ННГУ)
|v [С. 248]
|d 2021
|
| 610 |
1 |
|
|a электронный ресурс
|
| 610 |
1 |
|
|a труды учёных ТПУ
|
| 700 |
|
1 |
|a Ефанова
|b А. О.
|c химик
|c инженер Томского политехнического университета
|f 2000-
|g Альвина Олеговна
|3 (RuTPU)RU\TPU\pers\47629
|9 23105
|
| 701 |
|
1 |
|a Киргина
|b М. В.
|c химик-технолог
|c доцент Томского политехнического университета, кандидат технических наук
|f 1988-
|g Мария Владимировна
|3 (RuTPU)RU\TPU\pers\29053
|9 13753
|
| 712 |
0 |
2 |
|a Национальный исследовательский Томский политехнический университет
|b Инженерная школа природных ресурсов
|b Отделение химической инженерии
|3 (RuTPU)RU\TPU\col\23513
|
| 801 |
|
2 |
|a RU
|b 63413507
|c 20230712
|g RCR
|
| 856 |
4 |
|
|u http://www.youngchem-conf.unn.ru/wp-content/uploads/2021/05/2021.pdf#page=248
|
| 942 |
|
|
|c CF
|